000 01107nam a22002177a 4500
001 6809
003 FISKH
005 20250529094313.0
008 250529b cb ||||| |||| 00| 0 eng d
040 _aFISKH
_beng
_cFISKH
_dFISKH
100 _aGrimsditch, Mark
245 _aNew actions and existing policies :
_bThe implementation and impacts of order 01 /
_cBy Mark Grimsditch and Laura Schoenberger
260 _aPhnom Penh :
_bThe NGO Forum on Cambodia ,
_c2015.
300 _a303 pages :
_bcolor illustrations, maps ;
_c25 cm .
520 _aThis report critically examines Order 01, a Cambodian government directive issued in 2012 aimed at strengthening the management of Economic Land Concessions (ELCs). The order declared a moratorium on new ELCs and initiated a nationwide land titling campaign to formalize land tenure for communities living on state land, including areas affected by ELCs. landportal.org
700 _aNee, Meas
_eField work team leader
700 _aLeakhena, Kol
_eSurvery team leader
700 _aBora, Keo
_eSurvey team leader
942 _2ddc
_cBK
_n0
999 _c6809
_d6809